[Event "GER-ch Net blitz sf"]
[Site "Playchess.com INT"]
[Date "2021.06.05"]
[Round "12"]
[White "Fluechter, Gregor"]
[Black "Hoppe, Thilo"]
[Result "1/2-1/2"]
[WhiteElo "2220"]
[BlackElo "2140"]
[PlyCount "84"]
[EventDate "2021.06.05"]
[EventType "swiss (blitz)"]
[EventRounds "13"]
[EventCountry "GER"]
[SourceTitle "EXT 2023"]
[Source "ChessBase"]
[SourceDate "2022.10.05"]
[SourceVersion "1"]
[SourceVersionDate "2022.10.05"]
[SourceQuality "1"]

1. e4 e6 2. Nf3 d5 3. Nc3 d4 4. Ne2 Nf6 5. e5 Nfd7 6. Nexd4 Nxe5 7. Nxe5 Qxd4 8. Nf3 Qd8 9. d4 Be7 10. Bd3 Nd7 11. c3 Nf6 12. 0-0 0-0 13. Re1 b6 14. Ne5 Bb7 15. Qe2 c5 16. Be3 Qd5 17. f3 cxd4 18. Bxd4 Bc5 19. Bxc5 Qxc5+ 20. Kh1 Rad8 21. Rad1 Qc7 22. Qf2 Rd5 23. Qe2 Rfd8 24. Bc2 Rxd1 25. Rxd1 Rxd1+ 26. Bxd1 g6 27. Bb3 Bd5 28. Bxd5 Nxd5 29. g3 Qc5 30. Nd3 Qc4 31. Nc1 Qc5 32. Nb3 Qc7 33. Kg2 h5 34. Nd4 h4 35. Nb5 Qd7 36. c4 Nf6 37. Qe5 Qd2+ 38. Kh3 Nh5 39. Qb8+ Kg7 40. Qe5+ Kg8 41. Qb8+ Kg7 42. Qe5+ Kg8 1/2-1/2

[Event "GER-ch Net blitz sf"]
[Site "Playchess.com INT"]
[Date "2021.06.05"]
[Round "10"]
[White "Hohlbein, Michael"]
[Black "Hoppe, Thilo"]
[Result "0-1"]
[WhiteElo "1912"]
[BlackElo "2140"]
[PlyCount "80"]
[EventDate "2021.06.05"]
[EventType "swiss (blitz)"]
[EventRounds "13"]
[EventCountry "GER"]
[SourceTitle "EXT 2023"]
[Source "ChessBase"]
[SourceDate "2022.10.05"]
[SourceVersion "1"]
[SourceVersionDate "2022.10.05"]
[SourceQuality "1"]

1. e4 e6 2. Nf3 d5 3. e5 c5 4. b4 cxb4 5. a3 bxa3 6. d4 Nc6 7. c3 Bd7 8. Bd3 b5 9. Ng5 g6 10. Qf3 Nh6 11. Nxa3 a6 12. 0-0 Bg7 13. h4 b4 14. cxb4 Nxb4 15. Bb1 Nf5 16. Qh3 h6 17. Bxf5 hxg5 18. Bb1 gxh4 19. Qb3 Nc6 20. Be3 h3 21. g3 h2+ 22. Kg2 f6 23. Bxg6+ Kf8 24. Rh1 fxe5 25. dxe5 Nxe5 26. Qb4+ Kg8 27. Bc2 Qf6 28. Rxh2 Qf3+ 29. Kg1 Rxh2 30. Kxh2 Ng4+ 31. Kh3 Nxe3 32. fxe3 Rf8 33. Qh4 Rf6 34. Bd1 e5+ 35. Kh2 Qf2+ 36. Kh1 Rh6 37. Qxh6 Bxh6 38. Ra2 Qxg3 39. Bb3 Qh3+ 40. Kg1 Bxe3+ 0-1

[Event "GER-ch Net blitz qual4"]
[Site "Playchess.com INT"]
[Date "2021.05.10"]
[Round "3"]
[White "Hoppe, Thilo"]
[Black "Henrich, David"]
[Result "1/2-1/2"]
[WhiteElo "2047"]
[BlackElo "1909"]
[PlyCount "138"]
[EventDate "2021.05.10"]
[EventType "swiss (blitz)"]
[EventRounds "11"]
[EventCountry "GER"]
[SourceTitle "CBM 202 Extra"]
[Source "ChessBase"]
[SourceDate "2021.07.31"]
[SourceVersion "1"]
[SourceVersionDate "2021.07.31"]
[SourceQuality "1"]

1. d4 d6 2. c4 e5 3. Nf3 e4 4. Ng5 f5 5. g3 Nf6 6. Bg2 Be7 7. Nc3 0-0 8. 0-0 c5 9. d5 h6 10. Nh3 Nbd7 11. f3 exf3 12. exf3 Ne5 13. b3 Re8 14. Bb2 Bf8 15. Re1 a6 16. a4 Bd7 17. Nf4 g5 18. Nd3 Ng6 19. Qc2 Re7 20. Bh3 Qe8 21. Rxe7 Nxe7 22. Re1 Qf7 23. Nf2 g4 24. fxg4 fxg4 25. Bg2 Nf5 26. Nce4 Nxe4 27. Nxe4 Bg7 28. Rf1 Bxb2 29. Qxb2 Qg7 30. Qxg7+ Kxg7 31. Rf4 h5 32. h3 b5 33. hxg4 hxg4 34. Rxg4+ Kf7 35. Rf4 Ke7 36. Bh3 Nd4 37. Kh2 Bxh3 38. Kxh3 Rh8+ 39. Kg2 Nxb3 40. axb5 axb5 41. cxb5 Rb8 42. Nc3 Nd4 43. Re4+ Kd7 44. g4 Nxb5 45. Nxb5 Rxb5 46. Kf3 c4 47. Rxc4 Rxd5 48. Kf4 Ke6 49. Re4+ Kf6 50. Re8 Kg6 51. Re6+ Kf7 52. Rh6 Kg7 53. Re6 Kf7 54. Re1 Kf6 55. Re4 Kg6 56. Ra4 Kf6 57. Ra6 Kg6 58. Ke4 Re5+ 59. Kf4 Rd5 60. Ra4 Kf6 61. Rb4 Kg6 62. Rc4 Kf6 63. Rc8 Kg6 64. Ke4 Re5+ 65. Kf4 Rd5 66. Rd8 Kf6 67. g5+ Rxg5 68. Rxd6+ Ke7 69. Ra6 Rb5 1/2-1/2

[Event "GER-ch Net blitz qual3"]
[Site "Playchess.com INT"]
[Date "2021.05.07"]
[Round "10"]
[White "Hoppe, Thilo"]
[Black "Dittrich, Gunnar"]
[Result "1-0"]
[WhiteElo "2041"]
[BlackElo "1761"]
[PlyCount "107"]
[EventDate "2021.05.07"]
[EventType "swiss (blitz)"]
[EventRounds "11"]
[EventCountry "GER"]
[SourceTitle "CBM 202 Extra"]
[Source "ChessBase"]
[SourceDate "2021.07.31"]
[SourceVersion "1"]
[SourceVersionDate "2021.07.31"]
[SourceQuality "1"]

1. d4 d5 2. c4 e6 3. Nc3 Nf6 4. Bg5 Be7 5. e3 0-0 6. Nf3 h6 7. Bh4 c5 8. dxc5 Bxc5 9. cxd5 exd5 10. Be2 Be6 11. 0-0 Nc6 12. Nd4 Nxd4 13. exd4 Be7 14. Bf3 Qb6 15. Qd2 Rfe8 16. Rad1 Rad8 17. Rfe1 Ne4 18. Nxe4 Bxh4 19. Nc5 Bf6 20. Nxe6 Rxe6 21. Rxe6 Qxe6 22. h3 Rc8 23. Bg4 Qc6 24. Bxc8 Qxc8 25. Qf4 Qc4 26. Qb8+ Kh7 27. Qxa7 Qc2 28. Rf1 b5 29. Qc5 Qxb2 30. Qxd5 Bxd4 31. Qxf7 b4 32. h4 Bf6 33. h5 Qe5 34. Qg6+ Kg8 35. Rc1 Qe6 36. Qc2 Kf7 37. Qb3 Qxb3 38. axb3 Bc3 39. Rd1 Kf6 40. Rd5 Ke6 41. Rb5 Kf6 42. f3 Ke6 43. Kf2 Kf6 44. Ke3 Ke6 45. Ke4 Kf6 46. g4 Ke6 47. f4 Kf6 48. Rb6+ Kf7 49. Kf5 Bd2 50. Rb7+ Kf8 51. g5 hxg5 52. fxg5 Bc3 53. Kg6 Ke8 54. Rxg7 1-0

[Event "GER-ch Net blitz qual1"]
[Site "Playchess.com INT"]
[Date "2021.04.24"]
[Round "1"]
[White "Hoppe, Thilo"]
[Black "Dittrich, Gunnar"]
[Result "0-1"]
[WhiteElo "2016"]
[BlackElo "1620"]
[PlyCount "152"]
[EventDate "2021.04.24"]
[EventType "swiss (blitz)"]
[EventRounds "11"]
[EventCountry "GER"]
[SourceTitle "CBM 202 Extra"]
[Source "ChessBase"]
[SourceDate "2021.07.31"]
[SourceVersion "1"]
[SourceVersionDate "2021.07.31"]
[SourceQuality "1"]

1. d4 d5 2. c4 e6 3. Nc3 Nf6 4. Bg5 Be7 5. e3 0-0 6. Nf3 h6 7. Bh4 c5 8. dxc5 Bxc5 9. cxd5 exd5 10. Bxf6 Qxf6 11. Qxd5 Bb4 12. Qb3 Nc6 13. Be2 Be6 14. Qc2 Bf5 15. Qb3 Be6 16. Bc4 Bg4 17. Nd2 Bxc3 18. Qxc3 Qxc3 19. bxc3 Ne5 20. Be2 Be6 21. 0-0 Rac8 22. Rfc1 Rc7 23. f4 Nc4 24. Nxc4 Bxc4 25. Bf3 b5 26. a4 a6 27. axb5 axb5 28. h3 Rfc8 29. Bg4 Re8 30. Kf2 Rce7 31. Re1 Rc7 32. Rac1 Bd3 33. Red1 Bc4 34. Be2 Rec8 35. Bg4 Re8 36. Rd4 g6 37. f5 h5 38. Bf3 Rec8 39. fxg6 fxg6 40. Rb1 Kg7 41. Rd6 Ra7 42. Rb2 Ra2 43. Rxa2 Bxa2 44. Be4 Bf7 45. Rb6 Rxc3 46. Rxb5 Ra3 47. Rb7 Kf6 48. Kf3 Ra2 49. Rb6+ Kg7 50. g3 Ra1 51. Rb7 Kf6 52. h4 Rb1 53. Rb6+ Rxb6 54. Kf4 Be6 55. Bd3 Bg4 56. Be4 Re6 57. Bd5 Re5 58. Bg2 Rc5 59. e4 Rc4 60. Bf1 Rb4 61. Bd3 Bh3 62. Be2 Bg2 63. Bd3 Rd4 64. Bc2 Rc4 65. Bb3 Rb4 66. Bc2 Bf1 67. Ke3 Rb2 68. Bd1 Bb5 69. Bf3 Ke5 70. Bd1 Bc4 71. Ba4 Bb3 72. Bc6 Bc2 73. Bd5 Rb3+ 74. Kd2 Rb2 75. Kc3 Bxe4 76. Kxb2 Bxd5 0-1

[Event "GER-ch Net blitz qual1"]
[Site "Playchess.com INT"]
[Date "2021.04.24"]
[Round "2"]
[White "Kirschfink, Bernd"]
[Black "Hoppe, Thilo"]
[Result "0-1"]
[WhiteElo "1620"]
[BlackElo "2016"]
[PlyCount "58"]
[EventDate "2021.04.24"]
[EventType "swiss (blitz)"]
[EventRounds "11"]
[EventCountry "GER"]
[SourceTitle "CBM 202 Extra"]
[Source "ChessBase"]
[SourceDate "2021.07.31"]
[SourceVersion "1"]
[SourceVersionDate "2021.07.31"]
[SourceQuality "1"]

1. d4 Nf6 2. c4 e6 3. Nc3 Bb4 4. Bd2 b6 5. Nf3 Bb7 6. e3 0-0 7. Be2 d5 8. cxd5 exd5 9. 0-0 Be7 10. Rc1 Nbd7 11. Bd3 c5 12. dxc5 bxc5 13. b3 Rc8 14. Ne2 Ne4 15. Nf4 Ndf6 16. Bxe4 Nxe4 17. Ne5 Bd6 18. Ned3 Qg5 19. f3 Nxd2 20. Qxd2 Rfd8 21. Nf2 Bxf4 22. exf4 Qg6 23. g3 h5 24. Qd3 Qb6 25. Qf5 g6 26. Qg5 d4 27. f5 Rd5 28. Ne4 Rxf5 29. Qh4 Kg7 0-1

[Event "Bayern-chI Bank Hofmann 23rd"]
[Site "Tegernsee"]
[Date "2019.10.26"]
[Round "1"]
[White "Weber, Ulrich"]
[Black "Hoppe, Thilo"]
[Result "1-0"]
[WhiteElo "2360"]
[BlackElo "2094"]
[PlyCount "61"]
[EventDate "2019.10.26"]
[EventType "swiss"]
[EventRounds "9"]
[EventCountry "GER"]
[SourceTitle "CBM 192 Extra"]
[Source "Chessbase"]
[SourceDate "2019.11.06"]
[SourceVersion "1"]
[SourceVersionDate "2019.11.06"]
[SourceQuality "1"]

1. Nf3 Nf6 2. g3 g6 3. Bg2 Bg7 4. 0-0 0-0 5. d4 d6 6. Re1 Nbd7 7. e4 e5 8. a4 a5 9. Nc3 Re8 10. h3 c6 11. Be3 Qc7 12. d5 Nb6 13. Nd2 cxd5 14. exd5 Bd7 15. Ra3 e4 16. Bd4 Nc4 17. Rb3 Nxd2 18. Qxd2 Qc8 19. Kh2 Bf5 20. g4 Bd7 21. g5 Nh5 22. Bxg7 Kxg7 23. Nxe4 Bf5 24. Qd4+ Kg8 25. Nxd6 Qc7 26. Rxe8+ Rxe8 27. Qb6 Qxb6 28. Rxb6 Re2 29. Rxb7 Rxf2 30. Rb8+ Kg7 31. Ne8+ 1-0

[Event "Mittelrhein Regionalliga 18/19"]
[Site "Nordrheinwestfalen"]
[Date "2019.04.07"]
[Round "9.2"]
[White "Hoppe, Thilo"]
[Black "Gramb, Marius"]
[Result "1-0"]
[WhiteElo "2118"]
[BlackElo "2130"]
[PlyCount "83"]
[EventDate "2018.10.28"]
[EventType "team-tourn"]
[EventRounds "11"]
[EventCountry "GER"]
[SourceTitle "EXT 2022"]
[Source "ChessBase"]
[SourceDate "2021.10.06"]
[SourceVersion "1"]
[SourceVersionDate "2021.10.06"]
[SourceQuality "1"]
[WhiteTeam "Bonn Beuel"]
[BlackTeam "Bruehl"]
[WhiteTeamCountry "GER"]
[BlackTeamCountry "GER"]

1. d4 Nf6 2. c4 e6 3. Nf3 d5 4. Nc3 Bb4 5. Qa4+ Nc6 6. Bg5 h6 7. Bxf6 Qxf6 8. e3 Bd7 9. Qc2 dxc4 10. Bxc4 a6 11. a3 Bd6 12. Ne4 Qe7 13. Nxd6+ Qxd6 14. Rd1 Na5 15. Be2 Bb5 16. 0-0 Bxe2 17. Qxe2 0-0 18. Qc2 Nc6 19. b4 Ne7 20. Ne5 Nd5 21. Rc1 Rfc8 22. Rfd1 Qe7 23. Qb3 c6 24. Nc4 f5 25. Re1 Qh4 26. Ne5 Rc7 27. f3 Qg5 28. Kh1 Re7 29. Rc2 Rf8 30. g3 h5 31. Rg2 Rf6 32. f4 Qh6 33. Nf3 Rf8 34. e4 fxe4 35. Rxe4 Qg6 36. Rge2 Rfe8 37. Nh4 Qf7 38. Re5 g6 39. Rg5 Kh7 40. Nxg6 Rc7 41. Ne5 Qf6 42. Qf3 1-0

[Event "Bayern-chI Bank Hofmann 22nd"]
[Site "Tegernsee"]
[Date "2018.10.31"]
[Round "5"]
[White "Hoppe, Thilo"]
[Black "Dobrikov, Marco"]
[Result "1/2-1/2"]
[WhiteElo "2079"]
[BlackElo "2231"]
[PlyCount "46"]
[EventDate "2018.10.27"]
[EventType "swiss"]
[EventRounds "9"]
[EventCountry "GER"]
[SourceTitle "CBM 187 Extra"]
[Source "ChessBase"]
[SourceDate "2018.11.04"]
[SourceVersion "1"]
[SourceVersionDate "2018.11.04"]
[SourceQuality "1"]

1. d4 Nf6 2. c4 g6 3. Nc3 d5 4. Nf3 Bg7 5. Qb3 dxc4 6. Qxc4 0-0 7. e4 c6 8. Be2 Nbd7 9. Bf4 Nb6 10. Qb3 Be6 11. Qc2 Bg4 12. Rd1 e6 13. h3 Bxf3 14. Bxf3 Qe7 15. 0-0 Nfd7 16. Rfe1 e5 17. dxe5 Nxe5 18. Be2 Rfd8 19. Qb3 Qe6 20. Qxe6 fxe6 21. Rxd8+ Rxd8 22. Rd1 Rf8 23. Bc1 Nf7 1/2-1/2

[Event "Mittelrhein Regionalliga 18/19"]
[Site "Nordrheinwestfalen"]
[Date "2018.09.30"]
[Round "2.2"]
[White "Hoppe, Thilo"]
[Black "Lamby, Philipp"]
[Result "1/2-1/2"]
[WhiteElo "2109"]
[BlackElo "2191"]
[PlyCount "91"]
[EventDate "2018.10.28"]
[EventType "team-tourn"]
[EventRounds "11"]
[EventCountry "GER"]
[SourceTitle "EXT 2022"]
[Source "ChessBase"]
[SourceDate "2021.10.06"]
[SourceVersion "1"]
[SourceVersionDate "2021.10.06"]
[SourceQuality "1"]
[WhiteTeam "Bonn Beuel"]
[BlackTeam "Aachen SV II"]
[WhiteTeamCountry "GER"]
[BlackTeamCountry "GER"]

1. d4 Nf6 2. c4 e6 3. Nc3 Bb4 4. Bg5 h6 5. Bh4 c5 6. d5 Bxc3+ 7. bxc3 d6 8. e3 Qe7 9. Nf3 Nbd7 10. Bd3 Nb6 11. dxe6 Bxe6 12. Nd2 g5 13. Bg3 Ng4 14. Be2 Ne5 15. 0-0 0-0-0 16. Qb3 h5 17. f4 h4 18. Be1 Bg4 19. Qd1 Bxe2 20. Qxe2 Ng6 21. f5 Ne5 22. a4 g4 23. a5 Nbd7 24. a6 b6 25. Ne4 Nf6 26. Nxf6 Qxf6 27. e4 Kc7 28. Qd1 Qe7 29. Qd5 Rb8 30. Bd2 f6 31. Bf4 Qf7 32. Bxe5 Qxd5 33. cxd5 dxe5 34. Kf2 b5 35. Ke3 b4 36. c4 b3 37. Rfb1 b2 38. Ra2 Rb3+ 39. Kd2 Rhb8 40. Kc2 h3 41. g3 Rf3 42. Raxb2 Rf2+ 43. Kc3 Rf3+ 44. Kc2 Rf2+ 45. Kc3 Rf3+ 46. Kc2 1/2-1/2

[Event "Wiesbaden op 30th"]
[Site "Wiesbaden"]
[Date "2018.08.25"]
[Round "4"]
[White "Hoppe, Thilo"]
[Black "Mueller, Lutz"]
[Result "1-0"]
[WhiteElo "2083"]
[BlackElo "1989"]
[PlyCount "101"]
[EventDate "2018.08.23"]
[EventType "swiss"]
[EventRounds "7"]
[EventCountry "GER"]
[SourceTitle "CBM 186 Extra"]
[Source "ChessBase"]
[SourceDate "2018.08.24"]
[SourceVersion "1"]
[SourceVersionDate "2018.08.24"]
[SourceQuality "1"]

1. d4 g6 2. c4 Bg7 3. Nc3 d6 4. e4 Nc6 5. Be3 e5 6. d5 Nce7 7. g4 f5 8. gxf5 gxf5 9. Qh5+ Kf8 10. Bh3 Nf6 11. Qf3 f4 12. Bd2 Ng6 13. 0-0-0 a6 14. Kb1 Bd7 15. Bxd7 Qxd7 16. Qh3 Kf7 17. Qxd7+ Nxd7 18. Nf3 Bf6 19. h4 h6 20. Kc2 b5 21. cxb5 axb5 22. Nxb5 Rxa2 23. h5 Ne7 24. Ra1 Rxb2+ 25. Kxb2 Rb8 26. Kc2 Rxb5 27. Rhb1 Rc5+ 28. Kd3 Nxd5 29. exd5 Rxd5+ 30. Kc4 Rc5+ 31. Kd3 d5 32. Ra7 e4+ 33. Ke2 exf3+ 34. Kxf3 Ne5+ 35. Kg2 f3+ 36. Kg3 Rc4 37. Bf4 Ke6 38. Bxe5 Bxe5+ 39. Kxf3 Rf4+ 40. Ke3 Kf5 41. Rd1 d4+ 42. Ke2 Rh4 43. Ra5 Ke6 44. Kd3 Rxh5 45. Re1 Kd6 46. f4 Rh3+ 47. Ke4 Bf6 48. Kf5 Bd8 49. Re6+ Kd7 50. Rd5+ Kc8 51. Rxd4 1-0

[Event "Wiesbaden op 30th"]
[Site "Wiesbaden"]
[Date "2018.08.24"]
[Round "3"]
[White "Kropp, Volker"]
[Black "Hoppe, Thilo"]
[Result "1/2-1/2"]
[WhiteElo "1998"]
[BlackElo "2083"]
[PlyCount "87"]
[EventDate "2018.08.23"]
[EventType "swiss"]
[EventRounds "7"]
[EventCountry "GER"]
[SourceTitle "CBM 186 Extra"]
[Source "ChessBase"]
[SourceDate "2018.08.24"]
[SourceVersion "1"]
[SourceVersionDate "2018.08.24"]
[SourceQuality "1"]

1. d4 Nf6 2. Nf3 g6 3. g3 Bg7 4. Bg2 0-0 5. 0-0 d6 6. c4 Nc6 7. Nc3 a6 8. h3 Rb8 9. Be3 b5 10. cxb5 axb5 11. Qc1 b4 12. Nd1 Na5 13. Bh6 Bb7 14. Bxg7 Kxg7 15. b3 Qd7 16. Nh4 Rfc8 17. Ne3 Bxg2 18. Kxg2 Qc6+ 19. f3 Qb5 20. Qb2 c5 21. Kf2 cxd4 22. Qxd4 Nc6 23. Qb2 Qb6 24. Rfd1 Kg8 25. Nhg2 d5 26. Ke1 d4 27. Nc4 Qc7 28. Kf2 Nh5 29. f4 Nf6 30. e3 Ne4+ 31. Kf3 Nc3 32. exd4 Nxd1 33. Rxd1 Na5 34. Nge3 Nxc4 35. bxc4 Qd7 36. g4 Qb7+ 37. Kg3 Qe4 38. Qe2 Ra8 39. Qf3 Qxf3+ 40. Kxf3 Rxa2 41. c5 b3 42. Rb1 b2 43. Nc4 Rd8 44. Ke4 1/2-1/2

[Event "Dortmund Sparkassen op-A 46th"]
[Site "Dortmund"]
[Date "2018.07.17"]
[Round "4"]
[White "Hoppe, Thilo"]
[Black "Webb, Laurence"]
[Result "0-1"]
[WhiteElo "2107"]
[BlackElo "2306"]
[PlyCount "36"]
[EventDate "2018.07.14"]
[EventType "swiss"]
[EventRounds "9"]
[EventCountry "GER"]
[SourceTitle "CBM 185 Extra"]
[Source "ChessBase"]
[SourceDate "2018.07.29"]
[SourceVersion "1"]
[SourceVersionDate "2018.07.29"]
[SourceQuality "1"]

1. d4 Nf6 2. c4 e6 3. Nc3 Bb4 4. Bg5 c5 5. d5 d6 6. e3 exd5 7. cxd5 Nbd7 8. Bd3 Qa5 9. Nge2 Nxd5 10. 0-0 Bxc3 11. Nxc3 Nxc3 12. bxc3 c4 13. Bf4 cxd3 14. Bxd6 Qd5 15. Ba3 Nc5 16. e4 Qc6 17. Qh5 b6 18. Qe5+ Be6 0-1

[Event "Heusenstamm Sparkassen op-A 4th"]
[Site "Heusenstamm"]
[Date "2017.11.24"]
[Round "3"]
[White "Hoppe, Thilo"]
[Black "Altenbernd, Jannis Domenik"]
[Result "1/2-1/2"]
[WhiteElo "2128"]
[BlackElo "1958"]
[PlyCount "83"]
[EventDate "2017.11.23"]
[EventType "swiss"]
[EventRounds "7"]
[EventCountry "GER"]
[SourceTitle "EXT 2019"]
[Source "ChessBase"]
[SourceDate "2018.10.10"]
[SourceVersion "1"]
[SourceVersionDate "2018.10.10"]
[SourceQuality "1"]

1. d4 d6 2. c4 e5 3. Nf3 Nc6 4. Nc3 exd4 5. Nxd4 Nxd4 6. Qxd4 Be6 7. e4 Ne7 8. Bf4 Nc6 9. Qd2 Be7 10. Be2 0-0 11. 0-0 Bf6 12. Nd5 Bd4 13. Rad1 a5 14. Kh1 Bc5 15. Bg5 f6 16. Bh4 Bf7 17. b3 Ne7 18. Qc3 Nxd5 19. cxd5 Bg6 20. Bd3 Qd7 21. f4 Bb4 22. Qc2 Rac8 23. Qe2 Rfe8 24. f5 Bf7 25. Qg4 Kh8 26. a4 Bc3 27. Rc1 Be5 28. Be1 c6 29. Bxa5 Rg8 30. Bc4 cxd5 31. Bxd5 Bxd5 32. exd5 g6 33. Qf3 gxf5 34. g3 Qf7 35. Bd2 Qd7 36. Qxf5 Qxf5 37. Rxf5 Rxc1+ 38. Bxc1 Rc8 39. Bf4 Kg7 40. Bxe5 dxe5 41. Rf2 Kf7 42. Kg2 1/2-1/2